00582nam a22002057a 450000500170000001000250001702000260004203500130006803500170008103500130009803700170011103700130012808200110014110000140015224500470016626000310021327000820024430000310032650000190035720170809101122.0 a1516EN07 ENG-114636 a9788180521676c495.00 aEN-98168 aB-604991-010 aB-664605 aDPLbBSB/VEN bDBAD/PUB a581.61 aVerma, V. aTextbook of economic botany /cby V. Verma aNew DelhibAne Booksc2016 a4821, Parwana Bhawan, 1st floor, 24 Ansari Road, DaryaganjbNew Delhie110002 axiv,335p.:c24cm(pbk)bill aIncludes index